000
00290nam a2200097Ia 4500
008
220214s9999 xx 000 0 und d
100
_a
bSpoon Ir.W.
245
0
_a
Catongo-cacao from Brazil, No.262
260
_b
Tropical Products Departmet of the Royal Tropical Institute, No.262
942
_c
RE
999
_c
46280
_d
46280